| 000 | 01237cam a2200313 a 4500 | ||
|---|---|---|---|
| 001 | 12213759 | ||
| 003 | ARRUPE | ||
| 005 | 20161128140723.0 | ||
| 008 | 000828s1998 rh a b 100 0 eng | ||
| 010 | _a 00378144 | ||
| 020 | _a079741925X | ||
| 035 | _a(DLC) 00378144 | ||
| 040 |
_aDLC _cDLC |
||
| 042 | _alcode | ||
| 043 |
_af-rh--- _af------ |
||
| 050 | 0 | 0 |
_aZ465.7 _b.I53 1998 |
| 111 | 2 |
_aZimbabwe International Book Fair _d(1998 : _cHarare, Zimbabwe) _925022 |
|
| 245 | 1 | 0 |
_aIndaba98 : _bbooks & children. |
| 260 |
_aHarare, Zimbabwe : _bZimbabwe International Book Fair Trust, _cc1998. |
||
| 300 |
_a260 p. : _bill. ; _c21 cm. |
||
| 500 | _a"Collection of 56 papers, report-backs and discussions that were presented or took place at the Zimbabwe International Book Fair Indaba held between 1 and 3 August 1998"--Cover p. [4]. | ||
| 504 | _aIncludes bibliographical references. | ||
| 650 | 0 |
_aBook industries and trade _zAfrica _vCongresses. _99650 |
|
| 650 | 0 |
_aBooks _zAfrica _xMarketing _vCongresses. _99651 |
|
| 710 | 2 |
_aZimbabwe International Book Fair Trust. _99652 |
|
| 906 |
_a7 _bcbc _corigode _d3 _encip _f20 _gy-gencatlg |
||
| 942 |
_2lcc _cMONOGRAPH |
||
| 999 |
_c124996 _d124996 |
||